Modern American English

Enregistré dans:
Détails bibliographiques
Auteur principal: Robert J. Dixon
Format: Livre
Langue:Undetermined
Publié: New York Regents Publishing 1962
Sujets:
Tags: Ajouter un tag
Pas de tags, Soyez le premier à ajouter un tag!
Thư viện lưu trữ: Trung tâm Học liệu Trường Đại học Cần Thơ
LEADER 00472nam a2200169Ia 4500
001 CTU_45760
008 210402s9999 xx 000 0 und d
082 |a 420 
082 |b D621/T2/1962 
100 |a Robert J. Dixon 
245 0 |a Modern American English 
245 0 |c Robert J. Dixon 
260 |a New York 
260 |b Regents Publishing 
260 |c 1962 
650 |a english language - study and teaching 
980 |a Trung tâm Học liệu Trường Đại học Cần Thơ